00485nam a22001937a 4500020001800000082001400018100001900032245002900051250000600080260002600086300000700112490002700119500002300146650001900169650002600188650002500214650002800239700002400267 a9789820108295 a574.52636 aSotheeswaran,S aMarine Organic chemistry a2 aColombobIChemcc2015 a87 aCCS Publication No. 04 aCCS publication 04 aMarine ecology aChemical oceanography amaraine pharmacology aMarine natural products aDe Silva, Dilip ed.